Films de Tsai Ming-liang par image - Statistiques

Statistiques générales
  • Ce quiz a été pris 5 fois
  • Le résultat moyen est 8 sur 16
Statistiques - réponses
Par images Réponse % Correct
Goodbye, Dragon Inn
100%
La Rivière
100%
Days
80%
La Saveur de la pastèque
80%
Les Rebelles du dieu Néon
80%
The Hole
80%
Vive l'amour
80%
Et là-bas, quelle heure est-il ?
60%
I Don't Want to Sleep Alone
40%
Les Chiens Errants
40%
Visage
40%
Le pont n'est plus là
20%
Madame Butterfly
20%
Le Voyage en Occident
0%
No No Sleep
0%
Your Face
0%
Aucun quiz correspondant
Distribution des résultats
% des personnes avec chaque résultat
Percentile par nombre de réponses
Votre historique - résultats
Vous n’avez pas pris ce quiz